000 01072nam0a22002411 4500
001 rc\947867
005 20041129100025.4
035 _a(NLR Aleph) 006119817
090 _a5448737
_c5448737
100 _a20041129d1982 u |0rusy50 ca
101 0 _arus
102 _aRU
105 _ay |||||||||
200 1 _aМетодические рекомендации по применению программированного контроля в изучении политэкономии
_e[Сб. статей]
_fМ-во высш. и сред. спец. образования УССР. Киев. гос. ун-т им. Т.Г. Шевченко
_g[Отв. ред. А.А. Чухно, чл.-корр. АН УССР, проф.]
210 _aКиев
_cКГУ
_d1982
215 _a113 с.
_d20
702 1 _aЧухно
_bА. А.
_gАнатолий Андреевич
_4340
712 0 2 _aКиевский ун-т им. Т.Г.Шевченко
_3RU\NLR\AUTH\889930493
801 0 _aRU
_bNLR
_gpsbo
801 1 _aRU
_bELAR
_2rusmarc
852 _aNLR
_j84-3/10054
942 _cBOOK
980 _aNB